000
00287nam a2200133Ia 4500
100
_a
Shanley/Tom
942
_c
BK
654
_a
Computer
245
_a
Power PC Systems Architecture
260
_b
Addison Wesly
_a
New Delhi
_c
1995
300
_a
609
546
_a
ENGLISH
999
_c
21768
_d
21768